[Event "Est ch 2020 U16"]
[Site "Narva"]
[Date "2020.02.29"]
[Round "6.11"]
[White "Luik, Ott-Robert"]
[Black "Pomaznjov, Aleksei"]
[Result "1-0"]
[WhiteElo "1149"]
[BlackElo "1179"]
[PlyCount "97"]
[EventDate "2020.02.27"]
[EventCountry "EST"]
[SourceVersionDate "2020.03.16"]

1. e4 c5 2. Nf3 d6 3. d4 cxd4 4. Nxd4 Nf6 5. Nc3 a6 6. a4 g6 7. b3 Bg7 8. Bb2
O-O 9. Bc4 Nbd7 10. O-O Ne5 11. Be2 Bg4 12. f4 Bxe2 13. Ncxe2 Neg4 14. Qd3 e5
15. h3 exd4 16. hxg4 Nxg4 17. Bxd4 Bxd4+ 18. Qxd4 Qh4 19. Rf3 Qh2+ 20. Kf1 Qh1+
21. Ng1 Nh2+ 22. Kf2 Nxf3 23. Nxf3 Qh6 24. Qxd6 Qg7 25. e5 Rac8 26. c4 Rfd8 27.
Qb6 Rd7 28. Ke3 Rcd8 29. Ng5 Rd3+ 30. Ke2 Rd2+ 31. Kf1 Qh6 32. Nh3 Qh5 33. Qxb7
Qe2+ 34. Kg1 Rd1+ 35. Rxd1 Rxd1+ 36. Kh2 Qe1 37. Qc8+ Kg7 38. Qg4 Qh1+ 39. Kg3
Rd3+ 40. Kh4 Qe1+ 41. g3 Qa5 42. Qg5 Qd8 43. Qxd8 Rxd8 44. Ng5 Rb8 45. Ne4 a5
46. Nc5 h6 47. Kg4 Rb6 48. Kf3 Kf8 49. Nd7+ 1-0

[Event "Est ch 2020 U16"]
[Site "Narva"]
[Date "2020.02.29"]
[Round "6.12"]
[White "Nazarov, Vladislav"]
[Black "Tõnisson, Trent Asso"]
[Result "0-1"]
[WhiteElo "1546"]
[BlackElo "1580"]
[PlyCount "70"]
[EventDate "2020.02.27"]
[EventCountry "EST"]
[SourceVersionDate "2020.03.16"]

1. c4 e5 2. Nc3 Nf6 3. g3 d5 4. cxd5 Nxd5 5. Bg2 Nb6 6. Nf3 Nc6 7. d3 Be7 8.
O-O O-O 9. b3 Be6 10. Bb2 f6 11. Nd2 Qd7 12. Nc4 Rfd8 13. Ne4 Nd5 14. Nc3 Bb4
15. Nxd5 Bxd5 16. Bxd5+ Qxd5 17. Ba3 Bxa3 18. Nxa3 e4 19. Qb1 exd3 20. Rd1 Qc5
21. b4 Qc3 22. Qb3+ Qxb3 23. axb3 dxe2 24. Re1 Nd4 25. Kg2 Nxb3 26. Rab1 Nd4
27. Nc4 Rd7 28. Na5 c6 29. Nb3 Nxb3 30. Rxb3 Re8 31. Kf3 Rd2 32. Re3 Rxe3+ 33.
Kxe3 Rb2 34. Rxe2 Rxe2+ 35. Kxe2 Kf7 0-1

[Event "Est ch 2020 U16"]
[Site "Narva"]
[Date "2020.02.29"]
[Round "6.14"]
[White "Lazojev, Mark"]
[Black "Pallum, Rasmus"]
[Result "1-0"]
[WhiteElo "1171"]
[BlackElo "1159"]
[PlyCount "35"]
[EventDate "2020.02.27"]
[EventCountry "EST"]
[SourceVersionDate "2020.03.16"]

1. e4 d6 2. d4 Nf6 3. Nc3 g6 4. Nf3 Bg7 5. Bf4 O-O 6. Qd2 c5 7. dxc5 dxc5 8.
O-O-O Qxd2+ 9. Bxd2 Nh5 10. Be3 Bxc3 11. bxc3 Nf6 12. Bd3 b6 13. e5 Nd5 14. Be4
e6 15. c4 Nc7 16. Rhe1 Nc6 17. Bxc6 Rb8 18. Bh6 1-0

[Event "Est ch 2020 U16"]
[Site "Narva"]
[Date "2020.02.29"]
[Round "6.15"]
[White "Desjatnikov, Svetoslav"]
[Black "Makarov, Gleb"]
[Result "0-1"]
[WhiteElo "1108"]
[BlackElo "1275"]
[PlyCount "132"]
[EventDate "2020.02.27"]
[EventCountry "EST"]
[SourceVersionDate "2020.03.16"]

1. e4 c5 2. Nf3 Nc6 3. Nc3 d6 4. Bb5 Bd7 5. O-O g6 6. d3 Bg7 7. Ng5 Nf6 8. Bc4
Ne5 9. Bb3 O-O 10. Bf4 Nc6 11. Nf3 Rb8 12. d4 cxd4 13. Nxd4 Nxd4 14. Qxd4 Nh5
15. Qd2 Nxf4 16. Qxf4 Rc8 17. Qe3 a6 18. Rfd1 Bc6 19. Rd2 Qa5 20. Rb1 Qh5 21.
Bd5 Bh6 22. f4 e5 23. Qf3 Qxf3 24. gxf3 Bxf4 25. Re2 Bxd5 26. Nxd5 Bg5 27. Nb6
Rc6 28. Nd5 Rd8 29. c3 Rf8 30. Rg2 h6 31. Rxg5 hxg5 32. Ne7+ Kg7 33. Nxc6 bxc6
34. Rd1 Rd8 35. c4 Kf6 36. Kf2 Ke6 37. Ke3 f5 38. b3 d5 39. a3 Rd7 40. c5 Rh7
41. Rd2 Rh3 42. exd5+ cxd5 43. Rc2 d4+ 44. Kd3 Rxf3+ 45. Kc4 g4 46. Kb4 Kd7 47.
Kc4 Kc6 48. b4 Rxa3 49. Rc1 Rc3+ 50. Rxc3 dxc3 51. Kxc3 f4 52. Kd2 f3 53. Ke3
a5 54. bxa5 Kxc5 55. Kf2 e4 56. Ke3 Kb5 57. Kf2 Kxa5 58. Ke3 Kb4 59. Kf2 Kc4
60. Ke3 g5 61. Kf2 Kd3 62. h4 gxh4 63. Ke1 g3 64. Kf1 h3 65. Ke1 h2 66. Kd1
h1=R# 0-1

[Event "Est ch 2020 U16"]
[Site "Narva"]
[Date "2020.03.01"]
[Round "7.1"]
[White "Pedoson, Georg Aleksander"]
[Black "Olde, Karl Erik"]
[Result "1-0"]
[WhiteElo "2160"]
[BlackElo "1752"]
[PlyCount "121"]
[EventDate "2020.02.27"]
[EventCountry "EST"]
[SourceVersionDate "2020.03.16"]

1. d4 d5 2. c4 e6 3. Nc3 Nf6 4. Nf3 c6 5. e3 Nbd7 6. Bd3 Bd6 7. O-O O-O 8. e4
dxe4 (8... dxc4 9. Bxc4 e5) 9. Nxe4 Nxe4 10. Bxe4 Nf6 (10... h6 11. Bc2 e5) 11.
Bc2 c5 12. Bg5 cxd4 13. Qxd4 (13. Qd3 g6 (13... Re8 14. Nxd4 (14. Rfe1 h6 15.
Bxf6 Qxf6 16. Qh7+ Kf8 17. Rad1 Rd8 18. Nxd4 g6 19. Nb5 Ke7 20. Nxd6 Rxd6 21.
Rxd6 Kxd6 22. Rd1+ Kc7 23. Qxh6 e5 24. Qf8 b6 25. Ba4 Rb8 26. Be8 Bf5 27. Qxf7+
Qxf7 28. Bxf7 Kc6 29. f3 Rf8 30. Bd5+ Kc5 31. h4 Rd8 32. Re1 Kd4 33. Kf2 Rf8
34. Rd1+ Kc5 35. Ke3 Rd8 36. g4 Bc8 37. Rd2 b5 38. Be4 Rh8 39. Rd5+ Kxc4 40.
Rxe5 Rxh4 41. Bd3+ Kb4 42. Rxb5+ {1-0 (42) Shengelia,D (2482)-Holzweber,M 
(2177) Austria 2004}) 14... h6 (14... Be5 15. Bxf6 Qxf6 16. Qxh7+ Kf8 17. Nb5 (
17. Ba4 Rd8 18. Nf3 Bxb2 19. Rad1 g6 20. Qh6+ Kg8 21. Rxd8+ Qxd8 22. Rd1 Qe7
23. Ng5 Bg7 24. Qh7+ Kf8 25. Qh4 Kg8 26. h3 e5 27. c5 Bf5 (27... Be6 28. Qh7+
Kf8 29. Nxe6+ Qxe6 30. Qh4 Kg8 31. Bb3 Qf5 32. Qe7) 28. Bb3) 17... g6 18. Rad1
Rd8 19. Rxd8+ Qxd8 20. Rd1 Qf6 21. b3 Ke7 22. Qg8 Qh8 23. Qxh8 Bxh8 24. Nd6 f5
25. c5 Bc3 26. a3 Bb2 27. Nc4 Bf6 28. b4 Bd7 29. f4 Rc8 30. Bb3 Rc7 31. Kf2 g5
32. fxg5 Bxg5 33. Re1 Bf6 34. Ne5 Bxe5 35. Rxe5 Kf6 36. Re2 f4 37. g3 fxg3+ 38.
Kxg3 Bc8 39. h4 Rg7+ 40. Kf3 e5 41. Rh2 Bg4+ 42. Ke3 Bf5 43. Rf2 e4 44. Bd5 Ke5
45. Rxf5+ Kxf5 46. Bxe4+ Ke5 47. h5 Rg3+ 48. Bf3 a6 {1/2 (48) Sliwa,B-Hort,V
Tel Aviv 1964}) 15. Bxf6 Qxf6 16. Qh7+ Kf8 17. Rad1 g6 18. Ba4 Rd8 19. Nb5 Be7
20. Qxh6+ Kg8 21. Nc7 Rb8) 14. Qxd4 Be7 15. Qh4 Kg7 (15... Re8 16. Rad1 Nd7 17.
Ba4) 16. Rad1 Qb6 17. b3 h5 18. Ne5 Qc5 19. Rfe1 Ng8) 13... Be7 14. Qc3 b6 15.
Ne5 Bb7 16. Qh3 Ne4 17. Bf4 Bg5 18. Bxe4 Bxe4 19. Qe3 Bxf4 20. Qxf4 Bg6 21.
Rfd1 Qc8 22. h3 Rd8 23. Rxd8+ Qxd8 24. Qf3 Rc8 25. Rd1 Qe8 26. Qb7 Rd8 27. Rxd8
Qxd8 28. Qxa7 f6 29. Nxg6 hxg6 30. g3 Qd1+ 31. Kg2 Qd4 32. b3 f5 33. Qb8+ Kh7
34. Qf4 Qd3 35. Qe5 Qd7 36. h4 Qc6+ 37. Kg1 Kh6 38. a4 Kh7 39. Qd4 Qc7 40. b4
e5 41. Qd5 f4 42. Kg2 Qc8 43. Qe4 Kh6 44. a5 bxa5 45. bxa5 fxg3 46. fxg3 Qe6
47. Qd5 Qf5 48. a6 Qc2+ 49. Kh3 Qf5+ 50. Kh2 Qf2+ 51. Qg2 Qb6 52. Qa2 Qa7 53.
c5 e4 54. c6 e3 55. c7 e2 56. c8=Q Qf2+ 57. Kh3 Qf1+ 58. Kg4 Qf5+ 59. Qxf5
gxf5+ 60. Kxf5 e1=Q 61. Qe6+ 1-0

[Event "Est ch 2020 U16"]
[Site "Narva"]
[Date "2020.03.01"]
[Round "7.2"]
[White "Rytshagov, Nikita"]
[Black "Andrijashkin, Deniss"]
[Result "1-0"]
[WhiteElo "1837"]
[BlackElo "1946"]
[PlyCount "73"]
[EventDate "2020.02.27"]
[EventCountry "EST"]
[SourceVersionDate "2020.03.16"]

1. e4 e6 2. d4 d5 3. e5 c5 4. c3 Qb6 5. Nf3 Nc6 6. Be2 Nh6 7. Bxh6 gxh6 8. Qd2
Bd7 9. O-O O-O-O 10. Na3 Kb8 11. Nc2 cxd4 12. Ncxd4 Nxd4 13. Nxd4 Bg7 14. f4 f6
15. exf6 Bxf6 16. Kh1 Rhg8 17. Rae1 e5 18. fxe5 Bxe5 19. Bf3 Qd6 20. g3 Rg5 21.
Bg2 Rh5 22. Bf3 Rh3 23. Ne2 Bxg3 24. Nxg3 Qxg3 25. Qg2 Qd6 26. Rd1 Be6 27. Rd2
Rg8 {edasine mängu käik pole protokollist täpselt jälgitav. Umbkaudne
mängu kulg} 28. Qe2 Rg5 29. c4 Re5 30. Qd1 Re3 31. Rg2 d4 32. Bg4 Rh4 33. Bxe6
Qxe6 34. Qd2 Reh3 35. Rf8+ Kc7 36. Qa5+ Kd6 37. Qb4+ 1-0

[Event "Est ch 2020 U16"]
[Site "Narva"]
[Date "2020.03.01"]
[Round "7.3"]
[White "Aga, Rihard"]
[Black "Pedmanson, Albert"]
[Result "0-1"]
[WhiteElo "2054"]
[BlackElo "1736"]
[PlyCount "84"]
[EventDate "2020.02.27"]
[EventCountry "EST"]
[SourceVersionDate "2020.03.16"]

1. d4 Nf6 2. c4 e6 3. Nc3 Bb4 4. Qc2 c5 5. e3 O-O 6. Nf3 d5 7. dxc5 Bxc5 8. a3
dxc4 9. Bxc4 a6 10. Bd3 Nbd7 11. O-O h6 12. b4 Be7 13. Bb2 b5 14. Rfd1 Bb7 15.
e4 Qc7 16. Rac1 Rac8 17. Ba1 Bd6 18. Qb2 Bf4 ({Must on avangust saanud väga
hea seisu (tegelikult lausa parema). Siin on kasulik vahetada valge kuningat
kaitsev ratsu} 18... Ne5 {kuna valgel pole võimalik ratsuga hüpata ei b5 ega
d5-le.} 19. Nd5 (19. Nxe5 Bxe5) (19. Nxb5 Qxc1 20. Rxc1 Nxd3) 19... Qxc1 20.
Rxc1 Nxd3 21. Nxf6+ gxf6 22. Qxf6 Rxc1+) 19. Rc2 Qb8 20. Ne2 Rxc2 21. Bxc2 Nb6
22. Qd4 Bc7 23. Qc5 Bxe4 24. Bxf6 Bxf3 25. gxf3 gxf6 26. Qh5 Rd8 27. Re1 (27.
Qxh6 Rxd1+ 28. Bxd1 Qd8 29. Bc2 f5 30. Ng3 {järel on mustal tarvis lahendada
seisuprobleemid väga külmavereliselt.} Qd4 31. Nh5 Nd5 32. Qg5+ (32. Bb3 Bf4)
32... Kf8 33. Bb3 Nf4 34. Nxf4 Bxf4 35. Qh4 Ke8 {heade võidulootustega.})
27... Kf8 28. Qxh6+ Ke7 29. Ng3 Bxg3 ({Huvitavaid variante...} 29... Be5 30. f4
Rh8 31. Qg7 Rg8 32. Qh7 Bxf4 33. Bf5 Kf8 34. Rxe6 fxe6 35. Bxe6 Rg7 36. Qh8+
Ke7 37. Qxg7+ Kxe6 38. Qg4+ Kd5 39. Qf3+ Kc4 40. Ne2 Be5 {Erinevate
võimaluste rohkus teeb selliste variantide arvestamise praktilisest
vaatenurgas mõttetuks. Musta otsus ratsu lüüa on igati põhjendatud.}) 30.
hxg3 Nc4 31. Be4 (31. Qh7 {[%cal Rc2g6]}) 31... Rd2 32. g4 Qe5 33. Kf1 Qd4 34.
Qh4 Ne5 ({Võis asuda mammonajahile} 34... Nxa3) 35. Re3 {Laseb mustal läbi
viia efektse rünnaku 1.rida kasutades} (35. Kg2) 35... Rd1+ 36. Kg2 Qa1 37.
Qh2 Qc1 38. Bb7 Nd3 39. Be4 Nf4+ 40. Kg3 (40. Qxf4 Rg1+ 41. Kh3 Qf1+ 42. Kh4
Rh1+ 43. Kg3 Qh3#) 40... Rg1+ 41. Qxg1 (41. Kxf4 Qc7#) 41... Qxg1+ 42. Kxf4
Qh2# 0-1

[Event "Est ch 2020 U16"]
[Site "Narva"]
[Date "2020.03.01"]
[Round "7.4"]
[White "Protassov, Vlad"]
[Black "Pedmanson, Herman"]
[Result "1-0"]
[WhiteElo "1913"]
[BlackElo "1741"]
[PlyCount "63"]
[EventDate "2020.02.27"]
[EventCountry "EST"]
[SourceVersionDate "2020.03.16"]

1. d4 Nf6 2. c4 e6 3. g3 d5 4. Nf3 b6 5. Bg2 Bb7 6. O-O Be7 (6... dxc4 7. Qa4+
Nbd7 8. Bg5 (8. Qxc4 a6 9. Rd1 b5 10. Qd3 c5 11. b3 cxd4 12. Nxd4 Bxg2 13. Kxg2
Qb6 14. Bg5 Be7 15. Bxf6 Bxf6 16. Nc3 Qb7+ 17. Qe4 Qxe4+ 18. Nxe4 Bxd4 19. Rxd4
Ke7 20. Nd6 Rhd8 21. Rad1 Ne5 22. R4d2 Nc6 23. Nb7 Rxd2 24. Rxd2 Ra7 25. Nc5 a5
26. e3 a4 27. bxa4 bxa4 28. Kf3 Ra5 29. Nd3 a3 30. Rc2 Kd6 31. Ke2 e5 32. Rc3
f5 33. Rb3 e4 34. Ne1 Ne5 35. Rc3 Kd5 36. Nc2 Nc4 37. Nd4 g6 38. Rb3 Ne5 39.
Rb7 h5 40. Kd2 Nd3 41. f4 Nc5 42. Rg7 Ra6 43. Kc3 Na4+ 44. Kb4 Nc5 45. Kb5 Rd6
46. Rc7 Nd3 47. Rc3 {0-1 (47) Sakaev,K (2594)-Moiseenko,V (2528) Sochi 2016})
8... c5 9. Bxf6 gxf6 10. Qxc4 Bg7 11. Nc3 O-O 12. Rfd1 cxd4 13. Qxd4 Bc6 14.
Qe3 Rc8 15. Nd4 Bxg2 16. Kxg2 a6 17. Rac1 f5 18. Nf3 Rc7 19. Na4 Qb8 20. Qd3 b5
21. Rxc7 Qxc7 22. Qxd7 Qxd7 23. Rxd7 bxa4 24. Rb7 Bf6 25. Rb4 a3 26. bxa3 Rc8
27. e3 Rc2 28. Ra4 Rxa2 29. Rxa6 Be7 30. a4 Bc5 31. Kf1 Ra1+ 32. Kg2 Ra2 33.
Nd4 Bxd4 34. exd4 Rd2 35. Rd6 Kf8 36. a5 Ke7 37. Rb6 Rxd4 38. a6 Ra4 39. Rb7+
Kf6 40. a7 Ra3 41. Kf1 Kg6 42. Ke2 f4 43. gxf4 f6 44. Kd2 Kf5 45. Rxh7 Kxf4 46.
Rg7 f5 47. h4 Ke5 48. h5 {1-0 (48) Andersson,U (2600)-Nogueiras Santiago,J 
(2570) Reggio Emilia 1986}) 7. Nc3 O-O 8. Ne5 Nbd7 9. cxd5 (9. Qa4 Nxe5 10.
dxe5 Nd7 11. cxd5 exd5 12. Nxd5 Nc5 13. Qd1 c6 14. Nxe7+ Qxe7 15. Qd6 Qxd6 16.
exd6 Ba6 17. Be3 Rad8 18. Bxc5 bxc5 19. Rfd1 Bxe2 20. Rd2 Rfe8 21. d7 Re6 22.
Bh3 f5 23. Bxf5 Re5 24. Bxh7+ Kxh7 25. Re1 Rd5 26. Rexe2 R8xd7 27. Rc2 R7d6 28.
Re7 Rd2 29. Rxd2 Rxd2 30. Rxa7 Rxb2 31. Ra6 Rc2 32. Rxc6 Kg8 33. a4 Kf7 34. a5
c4 35. a6 Ra2 36. h4 c3 37. Rxc3 Rxa6 38. Kg2 Kg6 39. g4 Rb6 40. Kg3 Ra6 41.
Rc8 Rb6 42. Rh8 Rb3+ 43. f3 Rb4 44. h5+ Kf6 45. h6 g5 46. h7 Kg6 47. Rg8+ {
1-0 (47) Boruchovsky,A (2524)-Bagrationi,A (2491) Israel 2020}) 9... exd5 (9...
Nxd5 10. Nxd5 exd5 11. Nd3 Re8 12. Bf4 Nf8 13. Rc1 Ne6 14. Be3 Bf6 15. Nf4 Ng5
16. Qa4 Ne4 17. Rc2 Be7 18. Nd3 Bd6 19. Bf4 a5 20. Rfc1 Bxf4 21. Nxf4 Re7 22.
e3 Nf6 23. Qa3 c6 24. Nd3 Ne8 25. Qb3 Kh8 26. Rc3 f6 27. Nf4 Rb8 28. h4 Ba8 29.
h5 Qd6 30. Qc2 Nc7 31. Bh3 Nb5 32. Rb3 a4 33. Rd3 a3 34. Bf5 axb2 35. Qxb2 Qd8
36. Rb3 Nd6 37. Qc2 Nxf5 38. Qxf5 Kg8 39. h6 g5 40. Nh5 Rf7 41. Rcb1 b5 42. a4
Bb7 43. axb5 Bc8 44. Qf3 Qd6 45. bxc6 Rxb3 46. Rxb3 Qxc6 47. Rb8 f5 48. Qxd5
Qxd5 49. Rxc8+ {1-0 (49) Malakhov,V (2706)-Wang,C (2500) China 2015}) 10. Qa4 {
Paraku saab selle seisu kohta öelda vaid, et must on suurtes raskustes.} Nxe5
(10... a6 11. Nxd7 Qxd7 12. Qxd7 Nxd7 13. Nxd5) 11. dxe5 Ne8 (11... Ne4 12.
Nxe4 dxe4 13. Bxe4 Bxe4 14. Qxe4 Bc5 {oli suhteliselt visam, ent loomulikult
pole etturi eest mingit kompensatsiooni.}) 12. Nxd5 Bxd5 13. Rd1 c6 14. e4 Nc7
15. exd5 cxd5 16. Be3 Bc5 {Etturit päästa polnud musta võimuses} 17. Bxc5
bxc5 18. Rac1 Qe7 19. Qc6 Ne6 20. Qxd5 Rad8 21. Qe4 (21. Qc4) 21... Rd4 22.
Rxd4 cxd4 23. Bf1 Rd8 24. f4 g6 25. Bd3 Qb4 ({Vastumängu andis} 25... Nc5 26.
Qe2 a5) 26. Rc2 Rd7 {Jäme viga. Valge võidab nüüd kergelt.} (26... Nc5 27.
Qe2 a5) 27. f5 Nc7 (27... Nc5 28. Qa8+ Kg7 29. f6+ Kh6 30. Qf8+ Kh5 31. Qxc5) (
27... gxf5 28. Qxf5 Nf8 29. Rc8) 28. Qc6 Nd5 (28... Qe7 29. e6 fxe6 30. fxe6
Nxe6 31. Bc4) 29. Qxd7 Qe1+ 30. Bf1 d3 31. Rc8+ Kg7 32. Qxd5 1-0

[Event "Est ch 2020 U16"]
[Site "Narva"]
[Date "2020.03.01"]
[Round "7.5"]
[White "Krivenko, Dion"]
[Black "Snitsarenko, Igor"]
[Result "1-0"]
[WhiteElo "1935"]
[BlackElo "1602"]
[PlyCount "91"]
[EventDate "2020.02.27"]
[EventCountry "EST"]
[SourceVersionDate "2020.03.16"]

1. e4 c5 2. Nf3 d6 3. d4 cxd4 4. Qxd4 Nf6 5. Nc3 Nc6 6. Bb5 Bd7 7. Bxc6 Bxc6 8.
Bg5 e6 9. O-O-O Be7 10. Rhe1 O-O 11. Kb1 h6 12. Bh4 Qa5 13. Qd2 Qc7 14. Bg3
Rfd8 15. Nd4 a6 16. f4 b5 17. a3 Qb7 18. Qd3 Rac8 {Pealiskaudne käik. Must
sai paremuse variandis} (18... Be8 19. f5 e5 20. Nb3 (20. Nf3 a5 21. Nd5 Nxd5
22. exd5 (22. Qxd5 Bc6) 22... b4) 20... a5) ({Partiiga võrreldes oli palju
parem ka} 18... d5 19. e5 Ne4 20. Nxc6 Qxc6 21. Nxe4 dxe4 22. Qe2 Rd5) 19. f5
e5 20. Nxc6 Rxc6 21. Nd5 Nxd5 22. Qxd5 Qc7 23. Re2 Rc5 24. Qb3 Rc4 25. Rd5 Rc8
26. Bf2 Rb8 27. Be1 Qb6 28. Qe3 Qxe3 (28... Rd4 29. Rxd4 exd4 30. Qb3 Bf6 31.
g4 a5 {võrdsusega.}) 29. Rxe3 Rbc8 30. Re2 R8c5 31. Rxc5 (31. Rd3 Rc8 32. b3
R4c6 33. Bb4) 31... Rxc5 32. Bb4 Rc8 (32... Rc6) 33. b3 Ra8 34. Rd2 a5 $4 {
Must tõmbab endale ise häda kaela, nõrgestab oma ettureid (b5), lisaks
avaneb valgele c-liin ja tekib võimalus vabaetturi moodustamiseks (a3-a4).}
35. Bc3 a4 36. Bb4 {[%csl Rb5,Rd6]} axb3 37. cxb3 f6 (37... Ra6 38. Rc2) 38.
Rd5 Rb8 39. Bxd6 Bxd6 40. Rxd6 Rb7 41. b4 h5 42. Kb2 Kf7 43. Kb3 Ke7 44. Rd5
Rb8 45. a4 bxa4+ 46. Kxa4 1-0

[Event "Est ch 2020 U16"]
[Site "Narva"]
[Date "2020.03.01"]
[Round "7.6"]
[White "Shnurov, Daniil"]
[Black "Mikko, Rondo"]
[Result "0-1"]
[WhiteElo "1558"]
[BlackElo "1542"]
[PlyCount "118"]
[EventDate "2020.02.27"]
[EventCountry "EST"]
[SourceVersionDate "2020.03.16"]

1. d4 d5 2. c4 c6 3. Nf3 Nf6 4. Nc3 g6 5. Bf4 Bg7 6. e3 O-O 7. Bd3 dxc4 8. Bxc4
Nd5 9. Bxd5 cxd5 10. Qb3 e6 11. O-O a6 12. Rac1 Nc6 13. Na4 b5 14. Rxc6 bxa4
15. Qc3 Bd7 16. Rc7 Rc8 17. Rc1 Rxc7 18. Qxc7 Qxc7 19. Rxc7 Bb5 20. Bd6 Rd8 21.
Bc5 Bf6 22. g4 h6 23. Nd2 Rb8 24. Ba7 Ra8 25. Bc5 Bd8 26. Rb7 Bc6 27. Ra7 Rxa7
28. Bxa7 Ba5 29. Nf3 Bb5 30. Bc5 Bc4 31. a3 Be2 32. Ne5 g5 33. Kg2 f6 34. Nf3
Kf7 35. h3 Ke8 36. Ng1 Bd1 37. f4 Bd2 38. fxg5 hxg5 39. Kf2 Bc1 40. Bb4 Bxb2
41. Ke1 Bc2 42. Kd2 Be4 43. Ne2 e5 44. Bc5 exd4 45. exd4 Kd7 46. Ng3 Ke6 47.
Ne2 f5 48. gxf5+ Bxf5 49. Ng1 Be4 50. Ne2 Kf5 51. Ke3 Bg2 52. Ng1 Bf1 53. Kf3
Bxh3 54. Kg3 Bg4 55. Nf3 Bxf3 56. Kxf3 g4+ 57. Kg3 Bc3 58. Kh4 Be1+ 59. Kh5 g3
0-1

[Event "Est ch 2020 U16"]
[Site "Narva"]
[Date "2020.03.01"]
[Round "7.7"]
[White "Raag, Ardi"]
[Black "Luik, Ott-Robert"]
[Result "1-0"]
[WhiteElo "1774"]
[BlackElo "1149"]
[PlyCount "63"]
[EventDate "2020.02.27"]
[EventCountry "EST"]
[SourceVersionDate "2020.03.16"]

1. e4 c5 2. c3 b6 3. d4 cxd4 4. cxd4 e6 5. d5 Bc5 6. Nf3 Nf6 7. Bd3 Bb7 8. Bg5
h6 9. Bxf6 Qxf6 10. Nc3 exd5 11. exd5 O-O 12. O-O Na6 13. Qa4 Nb8 14. Rad1 d6
15. Ne4 Qe7 16. Rfe1 Qd8 17. b4 b5 18. Bxb5 Bb6 19. Bc6 Bxc6 20. dxc6 Bc7 21.
b5 Re8 22. Nxd6 Rxe1+ 23. Nxe1 Bxd6 24. Qd4 a6 25. Qxd6 Qxd6 26. Rxd6 Ra7 27.
Rd8+ Kh7 28. Rxb8 axb5 29. Rxb5 Rxa2 30. Rc5 Kg6 31. c7 Re2 32. Kf1 1-0

[Event "Est ch 2020 U16"]
[Site "Narva"]
[Date "2020.03.01"]
[Round "7.9"]
[White "Sadekov, Maksim"]
[Black "Padari, Tuudur Jakob"]
[Result "1-0"]
[WhiteElo "1664"]
[BlackElo "1256"]
[PlyCount "151"]
[EventDate "2020.02.27"]
[EventCountry "EST"]
[SourceVersionDate "2020.03.16"]

1. d4 d5 2. c4 e6 3. Nc3 Nf6 4. Bg5 c6 5. e3 Be7 6. Nf3 Nbd7 7. Bd3 dxc4 8.
Bxc4 b5 9. Bd3 a6 10. Bxf6 Nxf6 11. Ne4 Qb6 12. Qc2 h6 13. O-O O-O 14. Nxf6+
Bxf6 15. Rac1 Bb7 16. a3 a5 17. Be4 Rfc8 18. Qb3 Rab8 19. Qc2 Rc7 20. b4 Rbc8
21. Qb3 axb4 22. axb4 Be7 23. Ne5 Ra8 24. Nd3 Bc8 25. Nc5 Kf8 26. Rc3 Raa7 27.
Rfc1 e5 28. dxe5 Bxc5 29. Rxc5 Be6 30. Qd1 Rd7 31. Qf3 Bd5 32. Bxd5 cxd5 33.
Rxd5 Rxd5 34. Qxd5 Qc7 35. Rd1 Qb6 36. g3 Ra4 37. Qd7 Qb8 38. Rc1 Ra8 39. Rc7
Qe8 40. Qxe8+ Rxe8 41. f4 Rd8 42. Rc2 Rd1+ 43. Kf2 Rb1 44. Rc7 Rxb4 45. Kf3 Rb2
46. h4 b4 47. Rb7 Rb1 48. Kg4 b3 49. h5 b2 50. Kf5 Rg1 51. Rxb2 Rxg3 52. e4 Ra3
53. Rb8+ Ke7 54. Rb7+ Kf8 55. e6 f6 56. Rb8+ Ke7 57. Rg8 Rg3 58. Ra8 Re3 59.
Ra7+ Kf8 60. Ra5 Rh3 61. Kg6 Rf3 62. f5 Rg3+ 63. Kh7 Rg5 64. Ra7 Rxh5 65. Rxg7
Rg5 66. Rf7+ Ke8 67. Rxf6 h5 68. Rg6 Rg4 69. f6 Kf8 70. e7+ Kf7 71. Rxg4 hxg4
72. e8=Q+ Kxe8 73. Kg7 g3 74. f7+ Kd7 75. f8=Q g2 76. Qf2 1-0

[Event "Est ch 2020 U16"]
[Site "Narva"]
[Date "2020.03.01"]
[Round "7.10"]
[White "Mertins, Ostap"]
[Black "Kull, Tormi"]
[Result "0-1"]
[WhiteElo "1375"]
[BlackElo "1523"]
[PlyCount "78"]
[EventDate "2020.02.27"]
[EventCountry "EST"]
[SourceVersionDate "2020.03.16"]

1. e4 Nf6 2. e5 Nd5 3. c4 Nb6 4. d4 d6 5. exd6 cxd6 6. Nf3 Bg4 7. h3 Bxf3 8.
Qxf3 Nc6 9. Be3 g6 10. Nc3 Bg7 11. Qd1 O-O 12. Be2 d5 13. c5 Nc8 14. Qd2 e6 15.
O-O N8e7 16. Bb5 Nf5 17. Bxc6 bxc6 18. b4 e5 19. Ne2 Re8 20. a4 exd4 21. Nxd4
Nxd4 22. Bxd4 Bxd4 23. Qxd4 Re4 24. Qd2 Rb8 25. Rfb1 a6 26. Ra3 Qf6 27. Rab3
Rbe8 28. Re3 Rxe3 29. fxe3 Qf5 30. Rf1 Qe5 31. Kf2 Re6 32. Re1 Qh2 33. Rf1 Re5
34. Ke1 Qg3+ 35. Qf2 Qxe3+ 36. Qxe3 Rxe3+ 37. Kd2 Ra3 38. a5 Kg7 39. Rg1 Rb3
0-1

[Event "Est ch 2020 U16"]
[Site "Narva"]
[Date "2020.03.01"]
[Round "7.11"]
[White "Tõnisson, Trent Asso"]
[Black "Naestema, Joonas Aditya"]
[Result "1-0"]
[WhiteElo "1580"]
[BlackElo "1341"]
[PlyCount "91"]
[EventDate "2020.02.27"]
[EventCountry "EST"]
[SourceVersionDate "2020.03.16"]

1. e4 d5 2. exd5 Nf6 3. d4 Nxd5 4. Nf3 g6 5. c4 Nb6 6. Nc3 Bg7 7. Be2 Nc6 8.
Be3 O-O 9. h3 Na5 10. b3 c5 11. Rc1 cxd4 12. Bxd4 Bh6 13. Be3 Bg7 14. O-O Nc6
15. Nb5 Nd7 16. Qd2 a6 17. Nc3 Nde5 18. Rfd1 Bf5 19. Nd5 Be4 20. Nxe5 Nxe5 21.
Bb6 Qd6 22. Qe3 Bxd5 23. Rxd5 Qa3 24. Rc2 Qb4 25. Ba5 Qa3 26. Rxe5 Bxe5 27.
Qxe5 b5 28. Bc3 f6 29. Qe6+ Kg7 30. cxb5 axb5 31. Bxb5 Qc5 32. Bxf6+ Rxf6 33.
Qxf6+ Kxf6 34. Rxc5 Rxa2 35. Bc4 Ra1+ 36. Kh2 Ra2 37. Kg3 h5 38. Rc6+ Kf5 39.
Bd3+ Ke5 40. Bxg6 h4+ 41. Kf3 Ra3 42. Rc3 Kd4 43. Re3 e5 44. Rd3+ Kc5 45. b4+
Kxb4 46. Rxa3 1-0

[Event "Est ch 2020 U16"]
[Site "Narva"]
[Date "2020.03.01"]
[Round "7.12"]
[White "Makarov, Gleb"]
[Black "Rodin, Robert"]
[Result "1-0"]
[WhiteElo "1275"]
[BlackElo "1178"]
[PlyCount "73"]
[EventDate "2020.02.27"]
[EventCountry "EST"]
[SourceVersionDate "2020.03.16"]

1. d4 d5 2. c4 dxc4 3. Qa4+ Nc6 4. Nf3 Nf6 5. Nc3 e6 6. Qxc4 Bd7 7. Qb3 b6 8.
g3 Qe7 9. Bg2 Qb4 10. Qd1 Nd5 11. a3 Nxc3 12. bxc3 Qd6 13. Bf4 Qe7 14. Ne5 Nxe5
15. Bxa8 Bc6 16. Bxc6+ Nxc6 17. Qa4 Qd7 18. O-O Na5 19. Qxd7+ Kxd7 20. Rfd1 Bd6
21. Bxd6 cxd6 22. e4 Rc8 23. Rd3 Nb3 24. Rb1 Na5 25. d5 e5 26. f4 Rc4 27. Rb4
Rxb4 28. cxb4 Nc4 29. Kf2 b5 30. Ke2 a6 31. Rc3 exf4 32. Rxc4 f3+ 33. Kxf3 bxc4
34. Ke3 a5 35. b5 a4 36. Kd4 c3 37. Kxc3 1-0

[Event "Est ch 2020 U16"]
[Site "Narva"]
[Date "2020.03.01"]
[Round "7.13"]
[White "Pomaznjov, Aleksei"]
[Black "Lazojev, Mark"]
[Result "1/2-1/2"]
[WhiteElo "1179"]
[BlackElo "1171"]
[PlyCount "48"]
[EventDate "2020.02.27"]
[EventCountry "EST"]
[SourceVersionDate "2020.03.16"]

1. e4 e5 2. Nf3 Nc6 3. d4 exd4 4. Nxd4 Nf6 5. Nc3 Bb4 6. Nxc6 bxc6 7. Bd3 d6 8.
O-O O-O 9. Bd2 Re8 10. Qf3 Nd7 11. a3 Ba5 12. b4 Bb6 13. Be3 Ne5 14. Qe2 d5 15.
Bxb6 axb6 16. exd5 cxd5 17. Rfe1 Bb7 18. Bxh7+ Kf8 19. Qh5 Qf6 20. Bf5 g6 21.
Qh6+ Kg8 22. Bh3 Nc4 23. Nb5 Qc6 ({Võitis kena taktikaline löök} 23... Re2 {
[%cal Rf6f2]} 24. f3 (24. Rf1 Nd2) (24. Rxe2 Qxa1+) 24... c6) 24. Nd4 Qf6
1/2-1/2

[Event "Est ch 2020 U16"]
[Site "Narva"]
[Date "2020.03.01"]
[Round "7.14"]
[White "Pallum, Rasmus"]
[Black "Karis, Fredi"]
[Result "1-0"]
[WhiteElo "1159"]
[BlackElo "1013"]
[PlyCount "61"]
[EventDate "2020.02.27"]
[EventCountry "EST"]
[SourceVersionDate "2020.03.16"]

1. e4 c5 2. Nf3 Nc6 3. d4 cxd4 4. Nxd4 e5 5. Nb5 d6 6. N1c3 a6 7. Na3 b5 8. Nd5
Be6 9. c4 b4 10. Nc2 a5 11. Be3 Nge7 12. Bb6 Qb8 13. Nc7+ Kd7 14. Nxa8 Qxa8 15.
Ne3 Nc8 16. Nd5 Bxd5 17. cxd5 Nxb6 18. Bb5 Kd8 19. Bxc6 Qb8 20. Qd3 Qa7 21. Qb5
Be7 22. Rc1 Bg5 23. Rc2 h6 24. h4 Be7 25. a3 h5 26. axb4 axb4 27. Qxb4 Qa1+ 28.
Ke2 Qa6+ 29. Qb5 Qa7 30. Ra1 Qc7 31. Ra6 1-0